00297nam a2200121Ia 4500003000400000008004100004020001800045100001700063245003700080260004200117300000800159650000800167OSt191201s2013 xx 000 0 und d a9788126540150 aSMITH, Peter 0aProfessional Website Performance aN. DelhibWiley Dreamtech Indiac2013 a441 aMCA